Rise of the planet of the apes. (Record no. 253)
[ view plain ]
| 000 -LEADER | |
|---|---|
| fixed length control field | 01453nam a2200229 a 4500 |
| 005 - DATE AND TIME OF LATEST TRANSACTION | |
| control field | 20260322212012.0 |
| 008 - FIXED-LENGTH DATA ELEMENTS--GENERAL INFORMATION | |
| fixed length control field | data |
| 099 ## - LOCAL FREE-TEXT CALL NUMBER (OCLC) | |
| Classification number | DVD 742 |
| 001 - CONTROL NUMBER | |
| control field | data |
| 100 1# - MAIN ENTRY--PERSONAL NAME | |
| Personal name | Wyatt, Rupert,; 1972- |
| 245 10 - TITLE STATEMENT | |
| Title | Rise of the planet of the apes. |
| Statement of responsibility, etc. | Twentieth Century Fox presents, in association with Dune Entertainment ; a Chernin Entertainment production ; produced by Peter Chernin, Dylan Clark ... [et al.] ; written by Rick Jaffa & Amanda Silver ; directed by Rupert Wyatt. Editors, Conrad Buff and Mark Goldblatt ; music by Patrick Doyle ; director of photography, Andrew Lesnie. |
| 250 ## - EDITION STATEMENT | |
| Edition statement | Widescreen. |
| 260 ## - PUBLICATION, DISTRIBUTION, ETC. | |
| Place of publication, distribution, etc. | Beverly Hills, Calif. : |
| Name of publisher, distributor, etc. | Twentieth Century Fox Home Entertainment, |
| Date of publication, distribution, etc. | 2011. |
| 300 ## - PHYSICAL DESCRIPTION | |
| Extent | DVD video 1 videodisc (105 min.) : sd., col. ; |
| Other physical details | 4 3/4 in. |
| 500 ## - GENERAL NOTE | |
| General note | Originally released as a motion picture in 2011./ Participants: James Franco, Freida Pinto, John Lithgow, Brian Cox, Tom Tom Felton, David Oyelowo, Andy Serkis./ Audience: MPAA rating: PG-13; for intense and frightening sequences of action and violence./ CHV rating: PG; for violence, frightening scenes, and not recommended for young children. |
| 520 ## - SUMMARY, ETC. | |
| Summary, etc. | During experiments to find a cure for Alzheimer's disease, a genetically-enhanced chimpanzee uses its greater intelligence to lead other apes to freedom. |
| 650 #0 - SUBJECT ADDED ENTRY--TOPICAL TERM | |
| Topical term or geographic name entry element | Science fiction films |
| 700 1# - ADDED ENTRY--PERSONAL NAME | |
| Personal name | Chernin, Peter,; 1951- |
| 700 1# - ADDED ENTRY--PERSONAL NAME | |
| Personal name | Clark, Dylan. |
| 700 1# - ADDED ENTRY--PERSONAL NAME | |
| Personal name | Jaffa, Rick. |
| 700 1# - ADDED ENTRY--PERSONAL NAME | |
| Personal name | Silver, Amanda. |
| Withdrawn status | Lost status | Damaged status | Not for loan | Home library | Current library | Shelving location | Date acquired | Total checkouts | Full call number | Barcode | Date last seen | Price effective from | Koha item type |
|---|---|---|---|---|---|---|---|---|---|---|---|---|---|
| Centerville | Centerville | General stacks | 22/03/2026 | GEN | BC0010262 | 22/03/2026 | 22/03/2026 | Books |